Fiscal consolidation and its reflection in Euro area current account imbalances

Na minha lista:
Detalhes bibliográficos
Autor principal: Širaňová, Mária
Formato: Capítulo de Livro
Idioma:inglês
Tags: Adicionar Tag
Sem tags, seja o primeiro a adicionar uma tag!

MARC

LEADER 00000nla a2200000 4500
001 0180932
005 20240502083425.3
041 0 |a eng 
044 |a CZ 
245 1 0 |a Fiscal consolidation and its reflection in Euro area current account imbalances  |c Mária Širaňová 
100 1 |a Širaňová, Mária